Normal view MARC view
  • Kinkoph, Sherry

Entry Personal Name

Number of records used in: 1

001 - CONTROL NUMBER

  • control field: 3179

003 - CONTROL NUMBER IDENTIFIER

  • control field: OSt

005 - DATE AND TIME OF LATEST TRANSACTION

  • control field: 20160629124549.0

008 - FIXED-LENGTH DATA ELEMENTS

  • fixed length control field: 160629|| aca||aabn | a|a d

040 ## - CATALOGING SOURCE

  • Original cataloging agency: OSt
  • Transcribing agency: OSt

100 ## - HEADING--PERSONAL NAME

  • Personal name: Kinkoph, Sherry

670 ## - SOURCE DATA FOUND

  • Source citation: Work cat.: (OSt): Kinkoph, Sherry, Guide for M.S. Office for Windows 95, 1996